Statistics for Countries Closest to Bermuda

Click here to take the quiz!

General Stats

  • This quiz has been taken 30 times
  • The average score is 18 of 20

Answer Stats

Distance (km)Distance (mi)Country% Correct
1,223760Canada
100%
1,037644United States
100%
1,332827Bahamas
97%
1,6181,005Cuba
97%
1,8711,163Dominica
97%
1,483922Dominican Republic
97%
2,4741,537Mexico
97%
1,6361,017Antigua and Barbuda
93%
2,1611,343Barbados
93%
1,551964Haiti
93%
2,4001,491Trinidad and Tobago
93%
1,9801,205Jamaica
90%
1,575979France / Saint-Martin
86%
2,2111,374Grenada
86%
1,6551,029Saint Kitts and Nevis
86%
2,0471,272Saint Lucia
86%
2,1221,319Saint Vincent and the Grenadines
86%
1,581983Netherlands / Sint Marteen
79%
1,8401,143Venezuela / Aves Island
72%
2,2971,428Colombia
69%

Score Distribution

Percentile by Number Answered

Percent of People with Each Score

Your Score History

You have not taken this quiz